| Tag |
First Indicator |
Second Indicator |
Subfields |
| LEADER |
00000cam a2200000 a 4500 |
| 001 |
in00000033012 |
| 005 |
20151007055104.0 |
| 008 |
850730s1986 ilua b 10010 eng |
| 010 |
|
|
|a 85018119
|
| 020 |
|
|
|a 0873220161
|
| 035 |
|
|
|a (OCoLC)12422368
|
| 035 |
|
|
|9 AAB7221AM
|
| 040 |
|
|
|a DLC
|c DLC
|d m/c
|d TXA
|d UtOrBLW
|
| 049 |
|
|
|a TXAM
|c [A11646874]
|
| 050 |
0 |
0 |
|a GV565
|b .O46 1984 vol. 8
|
| 082 |
0 |
|
|a 796 s
|a 612/.044
|2 19
|
| 111 |
2 |
|
|a Olympic Scientific Congress
|d (1984 :
|c Eugene, Or.)
|
| 245 |
1 |
4 |
|a The dancer as athlete /
|c Caroline G. Shell, editor.
|
| 264 |
|
1 |
|a Champaign, Ill. :
|b Human Kinetics Publishers,
|c [1986]
|
| 264 |
|
4 |
|c ©1986
|
| 300 |
|
|
|a xvi, 237 pages :
|b illustrations ;
|c 24 cm.
|
| 336 |
|
|
|a text
|b txt
|2 rdacontent
|
| 337 |
|
|
|a unmediated
|b n
|2 rdamedia
|
| 338 |
|
|
|a volume
|b nc
|2 rdacarrier
|
| 490 |
1 |
|
|a 1984 Olympic Scientific Congress proceedings ;
|v v. 8
|
| 504 |
|
|
|a Includes bibliographies.
|
| 650 |
|
0 |
|a Dance
|x Physiological aspects
|x Congresses.
|
| 650 |
|
0 |
|a Dancing injuries
|x Congresses.
|
| 650 |
|
0 |
|a Sports medicine
|v Congresses.
|
| 700 |
1 |
|
|a Shell, Caroline G.,
|d 1945-
|
| 811 |
2 |
|
|a Olympic Scientific Congress
|d (1984 :
|c Eugene, Or.).
|t 1984 Olympic Scientific Congress proceedings ;
|v v. 8.
|
| 999 |
|
|
|a MARS
|
| 999 |
f |
f |
|s a427c042-b778-32cc-948e-784b9c08b6b1
|i c7265fef-5f40-3b76-8a6b-1ef2f3c6e0ba
|t 0
|
| 952 |
f |
f |
|p ric
|a Texas A&M University
|b Rellis Campus
|c Joint Library Facility
|d Remote Storage
|t 0
|e GV565 .O46 1984 v. 8
|h Library of Congress classification
|i unmediated -- volume
|m A14811646874
|
| 998 |
f |
f |
|a GV565 .O46 1984 v. 8
|t 0
|l Remote Storage
|